| 000 | 01474nam a2200421 i 4500 | ||
|---|---|---|---|
| 001 | 33426 | ||
| 003 | KOSZ 005 | ||
| 005 | 20240405063100.0 | ||
| 008 | 991203s1998 pl a |000 0 pol | ||
| 040 |
_aWA N _cWA N _dKOSZ 005/HR |
||
| 046 | _k1998 | ||
| 080 | _a304 | ||
| 080 | _a330.567(438) | ||
| 245 | 0 | 0 |
_aWizja zmian społecznych - wnioski dla polityki gospodarczej / _c[komitet red. Andrzej Bocian et al.]. |
| 260 |
_aWarszawa : _bIRiSS, _c1998. |
||
| 300 |
_a134 s. : _btab., wykr. ; _c25 cm. |
||
| 336 |
_2rdacontent _aTekst _btxt |
||
| 337 |
_2rdamedia _aBez urządzenia pośredniczącego _bn |
||
| 338 |
_2rdacarrier _aWolumin _bnc |
||
| 380 | _aKsiążki | ||
| 380 | _aPublikacje naukowe | ||
| 388 | _a1901-2000 | ||
| 388 | _a1989-2000 | ||
| 490 | 1 |
_aRaporty / Instytut Rozwoju i Studiów Strategicznych, _x1230-2848 ; _v72. |
|
| 504 | _aBibliogr. s. 134. | ||
| 648 | _a1901-2000 | ||
| 648 | _a1989-2000 | ||
| 650 | 4 | _aBudżety rodzinne | |
| 650 | 4 | _aPolityka społeczna | |
| 650 | 4 | _aPrognozy | |
| 651 | 7 | _aPolska | |
| 658 | _aPolityka, politologia, administracja publiczna | ||
| 658 | _aGospodarka, ekonomia, finanse | ||
| 700 | 1 |
_aBocian, Andrzej Franciszek _d(1939- ) _eRedakcja |
|
| 830 | 0 |
_aRaporty - Instytut Rozwoju i Studiów Strategicznych _v72 |
|
| 856 |
_uhttp://koha.tu.koszalin.pl/cgi-bin/koha/opac-detail.pl?biblionumber=33426 _yKatalog online BPK |
||
| 942 |
_2UKD _cKS |
||
| 999 |
_c33426 _d33426 |
||